00576nam a22001457a 4500003000400000005001700004008004100021040001400062100002800076245011900104260000900223300002800232500014400260504002600404OSt20171010095526.0121003t xxu||||| |||| 00| 0 eng d aMMSUcULS aDela Cruz, Rizaline B.  aAnalysis of the microbial load of the piggery farm in Aglipay, City of Batac, Ilocos Norte cRizaline B. dela Cruz c2008 axiv, 73 leaves c28 cm. aThesis (BS Environmental Science) -- Mariano Marcos State University-College of Agriculture, Food and Sustainable Development, Batac City  aBibliography: leaf 33